Dương Từ Hà Mậu

Sparad:
Bibliografiska uppgifter
Huvudupphovsman: Nguyễn Đình Chiểu
Materialtyp: Bok
Publicerad: Long An Tổng hợp tỉnh Long An 1982
Ämnen:
Taggar: Lägg till en tagg
Inga taggar, Lägg till första taggen!
Thư viện lưu trữ: Trung tâm Học liệu Lê Vũ Hùng, Trường Đại học Đồng Tháp
LEADER 00948pam a22002298a 4500
001 00022422
005 20171026081023.0
008 110530s1982 ||||||Viesd
041 0 # |a Vie 
082 1 4 |a 895.922 11  |b D561T 
100 0 # |a Nguyễn Đình Chiểu 
245 0 0 |a Dương Từ Hà Mậu  |c Nguyễn Đình Chiểu 
260 # # |a Long An  |b Tổng hợp tỉnh Long An  |c 1982 
300 # # |a 251 tr.  |c 19 cm. 
653 # # |a Thơ 
653 # # |a Văn học hiện đại 
653 # # |a Việt Nam 
852 # # |b Kho mượn  |j KM.0009127, KM.0009128, KM.0009129, KM.0009130, KM.0011453, KM.0011454, KM.0011455, KM.0011513, KM.0011514 
852 # # |j KD.0009993  |j KM.0011513  |j KM.0009127  |j KM.0009128  |j KM.0009130  |j KM.0011453  |j KM.0011455  |j KM.0009129  |j KM.0011454  |j KM.0011514 
852 # # |b Kho đọc  |j KD.0009993 
910 0 # |a Đức  |d 30/05/2011 
980 # # |a Trung tâm Học liệu Lê Vũ Hùng, Trường Đại học Đồng Tháp